| 000 | 01908nam a22002417a 4500 | ||
|---|---|---|---|
| 005 | 20250603151829.0 | ||
| 008 | 250414b |||||||| |||| 00| 0 eng d | ||
| 020 | _a9780192858382 | ||
| 040 |
_aSDCL _cSDCL |
||
| 041 |
_2eng _aeng |
||
| 084 | _aV2y7M69:g(4) R2 | ||
| 100 |
_aGandhi, Gopalkrishna _9752262 |
||
| 245 |
_aScorching love : _bLetters from Mohandas Karamchand Gandhi to his son, Devadas |
||
| 260 |
_aNew York : _bOxford University Press, _c2022. |
||
| 300 | _axxiii, 492p. | ||
| 520 | _aThis book publishes - for the most part, for the first time - Gandhi's letters to his youngest son, Devadas from 1914, when father and son were both in South Africa to 1948, when they were both in Delhi, the capital of free India where within hours of the last letter Gandhi was assassinated. Gandhi wrote these letters by day, he wrote them by night, he wrote them from aboard trains, steamers, both right and left hands being pressed into service to rest one when tired out. The letters span three decades during which the writer grew from being a fighter for the rights of Indians in South Africa to being hailed as Father of the Nation by millions in India and - opposed by many as well including the man who felled him by three bullets fired at point blank range on 30 January, 1948. The letters hold his aspirations for his son and for his nation. They bear great love and they also scorch. And we see Devadas, the recipient of the letters, move in them from compliant childhood and youth, to adulthood, questioning and remonstrating with his father and being just the independent son his father wants him to be. | ||
| 650 |
_aFathers and sons -- Correspondence -- India _9811611 |
||
| 650 |
_aPoliticians -- Correspondence -- India _9811612 |
||
| 650 |
_aPolitical Science / History & Theory _9752944 |
||
| 700 | _aSuhrud, Tridip | ||
| 942 |
_2CC _cTEXL _n0 |
||
| 999 |
_c1308964 _d1308964 |
||